| 000 | 00941nam a2200265 u 4500 | ||
|---|---|---|---|
| 001 | 000046607 | ||
| 003 | DO-SdBNP | ||
| 005 | 20251031081833.0 | ||
| 008 | 170125s2009 mx r 001 0 eng d | ||
| 020 | _a9788430607815 | ||
| 040 |
_aDO-SdBNP _cspa _bBNPHU |
||
| 082 |
_a980 _bR741r |
||
| 100 | 1 |
_aRojas, Rafael, _d1965- _912494 |
|
| 245 | 1 | 0 |
_aLas repúblicas de aire : _butopía y desencanto en la revolución de Hispanoamérica / _cRafael Rojas. |
| 260 |
_aMéxico : _bTaurus, _c2009. |
||
| 300 |
_a422 p. ; _c27 cm. |
||
| 500 | _aIncluye datos biográficos del autor en la solapa de la cubierta | ||
| 500 | _aIncluye índice | ||
| 504 | _aBibliografía: p. 361-386 | ||
| 650 | 7 |
_aRepublicanismo _zAmérica Latina _2LEMB _987732 |
|
| 650 | 7 |
_aUtopias _zAmérica Latina _2LEMB _987733 |
|
| 651 | 0 |
_aAmérica Latina _xHistoria _y Guerras de Independencia, 1806-1830. _94092 _2LEMB |
|
| 830 | 0 |
_aTaurus historia _974591 |
|
| 942 |
_2ddc _cLBS1 |
||
| 999 |
_c46096 _d46096 |
||